Cadete Division de Honor Catalunya 24-25 - Estadísticas

Estadísticas generales
  • Esta prueba ha sido intentada 20 veces
  • La puntuación promedio es 2 de 16
Estadísticas de respuestas
Equipo % Correcto
F.C Barcelona
92%
R.C.D Espanyol
77%
Girona F.C
38%
C.F Damm
31%
Sabadell F.C
8%
A.T Segre
0%
C.D Sant Gabriel
0%
C.E Cambrils Unió
0%
C.E Mercantil
0%
Escola de Futbol Gavà
0%
F.F Badalona
0%
Gimnastic Manresa Club
0%
Gimnastic Tarragona Club
0%
Sant Cugat F.C
0%
U.E Cornellà SAD
0%
U.E Vilassar de Mar
0%
No se encontraron pruebas coincidentes
Distribución de puntuación
Porcentaje de gente con cada puntuación
Porcentaje por número respondido
Historial de tus puntuaciones
No has intentado esta prueba.